Citizen gay : affetti e diritti /

Salvato in:
Dettagli Bibliografici
Autore principale: Lingiardi, Vittorio
Altri autori: Nardelli, Nicola
Natura: Libro
Lingua:italiano
Pubblicazione: Milano : il Saggiatore, 2012
Edizione:Ed. aggiornata
Serie:Tascabili ; 277
Soggetti:
Tags: Aggiungi Tag
Nessun Tag, puoi essere il primo ad aggiungerne!!

MARC

LEADER 00000nam a22000007i 4500
001 IT\ICCU\VIA\0243862
003 ItRI
005 20260115232111.0
008 121121s2012 it |||||| ||||| |||||c
020 |a 9788856503524 
040 |b ita  |c importazione bologna sebina 
041 7 |a ita  |2 ISO-639-2 
082 |a 306.766  |9 OMOSESSUALITA  |2 21 
100 1 |a Lingiardi, Vittorio  |0 IT\ICCU\RAVV\056499 
240 1 0 |a Citizen gay  |3 IT\ICCU\RAV\2055813  |9 Lingiardi, Vittorio 
245 1 0 |a Citizen gay :  |b affetti e diritti /  |c Vittorio Lingiardi ; con la collaborazione di Nicola Nardelli. 
250 |a Ed. aggiornata 
260 |a Milano :  |b il Saggiatore,  |c 2012 
300 |a 234 p. ;  |c 19 cm 
650 7 |a Omosessuali  |x Discriminazione 
700 1 |a Nardelli, Nicola  |0 IT\ICCU\VIAV\137446 
830 0 |a Tascabili ;  |v 277  |0 IT\ICCU\UBO\3354419 
942 |2 ddc  |c BK  |n 0 
952 |0 0  |1 0  |4 0  |6 DOC_306_766000000000000_LIN  |7 0  |9 20055  |a BO  |b BO  |d 2026-01-15  |i 16842  |l 0  |o DOC 306.766 LIN  |p BO16842  |r 2026-01-15 23:21:11  |w 2026-01-15  |x [Sebina 5] [1 v.]  |y BK  |z 1 v. 
999 |c 17099  |d 17099